000 00550nam a2200181Ia 4500
003 LDD
008 190117s9999 xx 000 0 und d
020 _c₹125
040 _cLDD
041 _ahi
082 _a8h8.702 शु1166आ
100 _aशुक्ल, श्रीलाल
245 0 _aआओ बैठ लें कुछ देर
_cश्रीलाल शुक्ल
260 _aनई दिल्ली
_bराजकमल
_c1995
300 _a164
904 _aReqst by : राकेश वत्स
942 _2ddc
_cH
999 _c171973
_d171973